|
|
|
|
| LEADER |
02659nam a2200385 a 4500 |
| 001 |
45308 |
| 003 |
BD-DhAAL |
| 005 |
20260201152624.0 |
| 008 |
260102t2025 enk 000 1 eng |
| 010 |
|
|
|a 2025944306
|
| 020 |
|
|
|a 9781035060719
|
| 020 |
|
|
|a 9781035060733
|
| 020 |
|
|
|a 9798217045358
|
| 020 |
|
|
|z 9798217045365
|
| 040 |
|
|
|a DLC
|b eng
|e rda
|c DLC
|
| 042 |
|
|
|a pcc
|
| 082 |
0 |
4 |
|a 895.63/6
|2 23
|
| 100 |
1 |
|
|a Kashiwai, Hisashi,
|e author.
|9 60208
|
| 245 |
1 |
0 |
|a Menu of happiness /
|c Hisashi Kashiwai, Jesse Kirkwood.
|
| 260 |
|
|
|a London :
|b Mantle ;
|b Macmilla Publishers Ireland Ltd,
|c 2025.
|
| 300 |
|
|
|a 213 pages ;
|c 20 cm.
|
| 490 |
0 |
|
|a The kamogawa food detectives
|
| 500 |
|
|
|a Originally published in Japan as 'Kamogawa Shokudo Itsumono' by Shogakukan in 2016--Title page verso.
|
| 520 |
|
|
|a "Every memory has a flavor. A very special restaurant in Kyoto helps find them . . . Welcome to the Kamogawa Diner, where every meal is a mystery ready to be solved. This unique establishment is run by a father-daughter duo who offer more than just mouth-watering meals. They act as "food detectives," delving into the past to produce nostalgia-infused dishes for their hungry clientele. Among the patrons is a once-renowned pianist whose promising career was marred by a self-inflicted injury. She longs to taste the yakisoba shared with the only man she ever truly loved. The diner also welcomes a man haunted by shadows of regret. His mind is haunted by the memory of gyoza served by the parents of a lover he once jilted, as he seeks understanding and, perhaps, forgiveness. The Kamogawa Diner doesn't just serve food - it recreates forgotten recipes, helping its patrons to revisit memories lost to time. Each dish is a portal to the past, serving not just sustenance but solace and reconnection through the miracle of delicious food"--
|
| 541 |
|
|
|a Donated by Farhana Zahir (Assistant Professor, BBS, BRAC University)
|e 45308
|
| 650 |
|
|
|a Restaurants
|z Japan
|v Fiction.
|9 60209
|
| 650 |
|
|
|a Restaurants
|v Fiction.
|9 7241
|
| 650 |
|
|
|a Food
|v Fiction.
|9 60210
|
| 650 |
|
|
|a Women detectives
|v Fiction.
|9 60211
|
| 655 |
|
7 |
|a Detective and mystery fiction.
|9 21494
|
| 655 |
|
7 |
|a Cozy mysteries.
|9 60212
|
| 700 |
1 |
|
|a Kirkwood, Jesse,
|e translator.
|9 60213
|
| 942 |
|
|
|2 ddc
|c BK
|
| 999 |
|
|
|c 47728
|d 47728
|
| 952 |
|
|
|0 0
|1 0
|2 ddc
|4 0
|6 895_636000000000000_KAS
|7 0
|9 78796
|a BRACUL
|b BRACUL
|c NEW
|d 2026-02-01
|e Donated by Farhana Zahir, Assistant Professor, BRAC Business School, BRAC University
|l 2
|m 11
|o 895.636 KAS
|p 3010045308
|q 2026-06-02
|r 2026-02-22
|s 2026-02-22
|t 1
|w 2026-02-01
|y BK
|x Donated by Farhana Zahir (Assistant Professor, BBS, BRAC University); £9.99
|